Statistics for Musical Fours

Click here to take the quiz!

General Stats

  • This quiz has been taken 2,714 times
  • The average score is 20 of 36

Answer Stats

Answer% Correct
Lennon
96%
McCartney
93%
Starr
93%
Harrison
87%
Bass
84%
I
83%
Soprano
83%
Help!
81%
Alto
80%
Need
79%
Strings
79%
Tenor
77%
Brass
76%
Trumpet
76%
Woodwinds
76%
Somebody
75%
Percussion
74%
Trombone
69%
Tuba
68%
Madonna
67%
French Horn
60%
The Phantom of the Opera
48%
Whitney Houston
45%
Björn
42%
Mariah Carey
38%
The Lion King
36%
Benny
34%
Celine Dion
34%
Agnetha
29%
Wicked
29%
Anni-Frid
14%
Die Walküre
12%
Mamma Mia
10%
Das Rheingold
4%
Siegfried
4%
Götterdämmerung
3%

Score Distribution

Percentile by Number Answered

Percent of People with Each Score

Your Score History

You have not taken this quiz